000 00588nam a2200193Ia 4500
005 20250508163111.0
008 008 250505s9999 xx 000 0 eng d
037 _aDissertations
040 _aFEDL
_beng
_cFEDL
041 _aeng
_2eng
084 _a372.4, KHU/DI
_qFEDL
100 _aKhurpad Nagalatha
_9774726
245 0 _aComparative study of reading attainment across various types of schools in Delhi
260 _c1985
300 _aiii,135p.
546 _aM. Ed. Dissertation (Delhi University)
942 _cDIS
_h372.4, KHU/DI
999 _c1380823
_d1380823